01149nam a2200157 a 4500008004100000020001500041041000800056100002200064245007600086250005800162260003400220300001100254500011000265505060500375655001100980161215t2004 ag |||g |||| 00| 1 spa d a9500301245 aspa1 aCasona, Alejandro4 aLos árboles mueren de pie.bComedia en tres actos /cAlejandro Casona a38a ed.bPrólogo y notas Stella Maris H. Miravalles aBuenos Aires:bLosada;c2004. a151 p. aCasona, A. (2004). Los árboles mueren de pie. Comedia en tres actos. (38a ed.). Buenos Aires : Losada.  aEsta obra está vinculada, por sus escenas iniciales, con otra anterior: Prohibido suicidarse en primavera, ya que ambas se relacionan con una institución de caridad -de características muy peculiares- fundada por el doctor Ariel, "que pretende llegar a la caridad, por medio de la poesía". El título adelanta como temática central, el poder de la voluntad movida por fines altruistas, capaz del disimulo aún en circunstancias en que un dolor muy grande nos haga morir por dentro. Al final del drama es la misma abuela Eugenia, destacada como protagonista, quien se encarga de aclararlo. aTeatro